000 00351nam a22001457a 4500
003 SGT
020 _a9780141979090
082 _a150,PIN
100 _aPINKER, STEVEN
245 _aENLIGHTENMENT NOW
_bTHE CASE FOR REASON SCIENCE HUMANISM AND PROGRESS
260 _aUK
_bPENGUIN BOOKS
_c2018
300 _a556
650 _aPSCHOLOGY
942 _2ddc
_cBK
999 _c26470
_d26470